Introduction to microbiology / (Record no. 10686)
[ view plain ]
| 000 -LEADER | |
|---|---|
| fixed length control field | 00397cam a2200157ua 4500 |
| 020 ## - INTERNATIONAL STANDARD BOOK NUMBER | |
| ISBN | 9780852268780 |
| 082 ## - DEWEY DECIMAL CLASSIFICATION NUMBER | |
| Classification number | 576 |
| Item number | TAU/IN |
| 100 ## - MAIN ENTRY--AUTHOR NAME | |
| Personal name | Tauro, P . |
| 245 ## - TITLE STATEMENT | |
| Title | Introduction to microbiology / |
| 250 ## - EDITION STATEMENT | |
| Edition statement | 1 / |
| 260 ## - PUBLICATION, DISTRIBUTION, ETC. (IMPRINT) | |
| Place of publication | New Delhi : |
| Name of publisher | New Age International (P) Limited, Publishers |
| Year of publication | 1986. |
| 300 ## - PHYSICAL DESCRIPTION | |
| Number of Pages | 412 ; . |
| 700 1# - ADDED ENTRY--PERSONAL NAME | |
| Personal name | Kapoor, K K . |
| 700 1# - ADDED ENTRY--PERSONAL NAME | |
| Personal name | Yadav, K S . |
| 942 ## - ADDED ENTRY ELEMENTS (KOHA) | |
| Koha item type | Books |
| Withdrawn status | Lost status | Damaged status | Home library | Current library | Date acquired | Full call number | Accession Number | Koha item type | Collection code | Shelving location | Source of acquisition | Cost, normal purchase price |
|---|---|---|---|---|---|---|---|---|---|---|---|---|
| KAUAET | KAUAET | 22/08/1986 | 576 | 15494 | Books | |||||||
| KAUAET | KAUAET | 31/03/2012 | 576 TAU/IN | 23516 | Books | Non-fiction | General Stacks | International Books and periodical supply service, New Delhi | 199.00 | |||
| KAUAET | KAUAET | 31/03/2012 | 576 TAU/IN | 23517 | Books | Non-fiction | General Stacks | International Books and periodical supply service, New Delhi | 199.00 | |||
| KAUAET | KAUAET | 31/03/2012 | 576 TAU/IN | 23518 | Books | Non-fiction | General Stacks | International Books and periodical supply service, New Delhi | 199.00 | |||
| KAUAET | KAUAET | 31/03/2012 | 576 TAU/IN | 23519 | Books | Non-fiction | General Stacks | International Books and periodical supply service, New Delhi | 199.00 | |||
| KAUAET | KAUAET | 31/03/2012 | 576 TAU/IN | 23520 | Books | Non-fiction | General Stacks | International Books and periodical supply service, New Delhi | 199.00 |
